Normal view MARC view

Entry Nombre personal

Number of records used in: 1

001 - NÚMERO DE CONTROL

  • campo de control: 67088

003 - IDENTIFICADOR DE NÚMERO DE CONTROL

  • campo de control: mxcmmo

005 - FECHA Y HORA DE LA ÚLTIMA TRANSACCIÓN

  • campo de control: 20241018012829.0

008 - ELEMENTOS DE DATO DE LONGITUD-FIJA

  • campo de control de longitud fija: 241018|| aca||aabn | a|a d

040 ## - FUENTE DE CATALOGACIÓN

  • Centro catalogador/agencia de origen: mxcmmo
  • Centro/agencia transcriptor: mxcmmo

100 ## - ENCABEZAMIENTO-NOMBRE DE PERSONA

  • Nombre de persona: Llave y Bringas, Joseph María de la

670 ## - FUENTE DE DATOS ENCONTRADOS

  • Cita de la fuente: Work cat.: (mxcmmo)36039: Certamen Teológico (1798 : Puebla de los Angeles 67087, Certamen teológico en que ... se defendera publicamente la Suma teológica del sol de las escuelas en los Reales y Pontificios Colegios de San Pedro y San Juan ... por el colegial B. D. Joseph María de la Llave y Bringas, y ... por el colegial B. D. Joseph Mariano Moreno, siendo presidente el Br. D. Joseph Antonio Ximénes de las Cuevas